| 000 | 02157cam a2200361 i 4500 | ||
|---|---|---|---|
| 999 |
_c173284 _d173284 |
||
| 001 | 18148179 | ||
| 003 | Nust | ||
| 005 | 20180117090021.0 | ||
| 008 | 140512s2014 nyua b 001 0 eng | ||
| 010 | _a 2014017558 | ||
| 020 | _a9781137306425 | ||
| 040 |
_aDLC _beng _cDLC _erda _dDLC |
||
| 042 | _apcc | ||
| 050 | 0 | 0 |
_aH62 _b.D2543 2014 |
| 082 | 0 | 0 |
_a001.4/2 _223 |
| 100 | 1 |
_aDavies, Martin, _d1936- |
|
| 245 | 1 | 0 |
_aDoing a successful research project : _busing qualitative or quantitative methods / _cMartin Davies and Nathan Hughes. |
| 250 | _aSecond Edition | ||
| 264 | 1 |
_aHoundmills, Basingstoke, Hampshire ; _aNew York : _bPalgrave Macmillan, _c2014. |
|
| 300 |
_ax, 278 pages : _billustrations ; _c22 cm. |
||
| 336 |
_atext _btxt _2rdacontent |
||
| 337 |
_aunmediated _bn _2rdamedia |
||
| 338 |
_avolume _bnc _2rdacarrier |
||
| 504 | _aIncludes bibliographical references (pages 269-272) and indexes. | ||
| 505 | 0 | _aPreface -- Acknowledgements -- Planning your research project -- So you're going to do a research project -- Let's make a start -- Preparing for a successful research project -- Quantitative research -- The principles of sampling -- Carrying out your survey -- Questionnaires -- The art and science of survey interviewing -- Analysing your survey data -- Testing for statistical significance : into more complex territory -- A quantitative researcher's briefing sheet -- Qualitative research -- Studying a small sample -- Qualitative research interviewing -- There is more to qualitative research than interviewing -- Analysing qualitative data -- A qualitative researcher's briefing sheet -- The last lap -- Writing your report -- Bibliography -- Name index -- Subject index. | |
| 650 | 0 |
_aSocial sciences _xResearch. |
|
| 650 | 0 | _aQualitative research. | |
| 700 | 1 |
_aHughes, Nathan, _d1978- |
|
| 906 |
_a7 _bcbc _corignew _d1 _eecip _f20 _gy-gencatlg |
||
| 942 |
_2ddc _cBK |
||